[Event "LLWestMV2014-15"]
[Site "?"]
[Date "2014.11.09"]
[Round "2.5"]
[White "Pross, Benjamin"]
[Black "Philipp, Daniel"]
[Result "1/2-1/2"]
[WhiteElo "1800"]
[BlackElo "1611"]
[PlyCount "46"]
[EventType "team-tourn"]
[EventRounds "9"]
[WhiteTeam "SV Empor Kuehlungsborn"]
[BlackTeam "Putlitzer SV"]

1. e4 e6 2. d4 d5 3. Nc3 Bb4 4. e5 c5 5. a3 Bxc3+ 6. bxc3 c4 7. Qg4 g6 8. Bg5
f6 9. exf6 Nxf6 10. Bxf6 Qxf6 11. Qf3 O-O 12. Qxf6 Rxf6 13. Nf3 Nc6 14. Be2 Bd7
15. O-O Re8 16. Rae1 e5 17. dxe5 Nxe5 18. Nd4 Nc6 19. Bf3 Rxe1 20. Rxe1 Nxd4
21. cxd4 Bc6 22. Re5 Rd6 23. Kf1 Kf7 1/2-1/2

[Event "LLWestMV2014-15"]
[Site "?"]
[Date "2014.11.09"]
[Round "2.7"]
[White "Prueter, Reinhard"]
[Black "Feige, Detlef"]
[Result "1/2-1/2"]
[WhiteElo "1599"]
[BlackElo "1636"]
[PlyCount "40"]
[EventType "team-tourn"]
[EventRounds "9"]
[WhiteTeam "SV Empor Kuehlungsborn"]
[BlackTeam "Putlitzer SV"]

1. d4 Nf6 2. Nf3 d5 3. c4 c6 4. Nc3 e6 5. e3 Nbd7 6. cxd5 exd5 7. Bd3 Bd6 8. a3
Nf8 9. h3 Bd7 10. Qc2 Rc8 11. e4 dxe4 12. Nxe4 Nxe4 13. Bxe4 Qe7 14. O-O h6 15.
Re1 Ne6 16. Qb3 b6 17. Be3 O-O 18. d5 cxd5 19. Bxd5 Qf6 20. Rad1 Bc5 1/2-1/2

[Event "LLWestMV2014-15"]
[Site "?"]
[Date "2014.11.09"]
[Round "2.8"]
[White "Paetzke, Bernd"]
[Black "Silwedel, Bjoern"]
[Result "1-0"]
[WhiteElo "1443"]
[BlackElo "1486"]
[PlyCount "89"]
[EventType "team-tourn"]
[EventRounds "9"]
[WhiteTeam "Putlitzer SV"]
[BlackTeam "SV Empor Kuehlungsborn"]

1. d4 c5 2. e4 cxd4 3. c3 Nc6 4. cxd4 a6 5. Nf3 d5 6. e5 Bg4 7. Be3 g6 8. Nc3
Bg7 9. h3 Bxf3 10. Qxf3 e6 11. a3 f6 12. exf6 Qxf6 13. Qxf6 Bxf6 14. Rd1 Nge7
15. Na4 Nf5 16. Nc5 Ncxd4 17. Bd3 Ke7 18. Bd2 b5 19. a4 Rhc8 20. b4 Nd6 21. O-O
Nc4 22. Bc3 Nf3+ 23. gxf3 Bxc3 24. axb5 Bxb4 25. Nxa6 Bd6 26. Rb1 Nd2 27. b6
Rc6 28. b7 Raxa6 29. Bxa6 Nxb1 30. Rxb1 Rxa6 31. b8=Q Bxb8 32. Rxb8 Ra7 33. Kf1
Kd6 34. Ke2 Ke5 35. Rb4 Rc7 36. f4+ Kf5 37. Kd3 Rc4 38. Rb7 Rxf4 39. Rxh7 Rxf2
40. Rf7+ Kg5 41. Rxf2 Kh4 42. Rf6 g5 43. Rh6+ Kg3 44. Kd4 Kf4 45. Rxe6 1-0

[Event "LLWestMV2014-15"]
[Site "?"]
[Date "2014.11.09"]
[Round "2.1"]
[White "Dupke, Andreas"]
[Black "Rabinowitsch, Juri"]
[Result "0-1"]
[WhiteElo "1772"]
[BlackElo "1891"]
[PlyCount "44"]
[EventType "team-tourn"]
[EventRounds "9"]
[WhiteTeam "SG Eintracht Neubrandenburg II"]
[BlackTeam "SF Schwerin IV"]

1. e4 c5 2. Nc3 d6 3. d3 Nf6 4. g3 Nc6 5. Bg2 g6 6. Nge2 Bg7 7. O-O O-O 8. f4
e6 9. h3 a6 10. g4 Ne8 11. f5 Nc7 12. g5 exf5 13. exf5 Bxf5 14. Rxf5 gxf5 15.
Ng3 Qd7 16. Nh5 Rae8 17. Bd5 Qe7 18. Nxg7 Kxg7 19. Qh5 Nxd5 20. Qh6+ Kh8 21.
Nxd5 Qe1+ 22. Kg2 Re2+ 0-1

[Event "LLWestMV2014-15"]
[Site "?"]
[Date "2014.11.09"]
[Round "2.2"]
[White "Kupfernagel, Michael"]
[Black "Zabka, Helge, Dr."]
[Result "1-0"]
[WhiteElo "1902"]
[BlackElo "1648"]
[PlyCount "103"]
[EventType "team-tourn"]
[EventRounds "9"]
[WhiteTeam "SF Schwerin IV"]
[BlackTeam "SG Eintracht Neubrandenburg II"]

1. d4 Nf6 2. Nc3 d5 3. Bg5 c6 4. e3 Bf5 5. Bd3 Bxd3 6. Qxd3 Nbd7 7. Nf3 e6 8.
O-O Be7 9. Bxf6 Nxf6 10. e4 dxe4 11. Nxe4 Nxe4 12. Qxe4 O-O 13. Rfe1 Re8 14. c3
Qd5 15. Qc2 Qh5 16. Re5 Qg6 17. Qe2 h6 18. Re1 Rad8 19. h3 Bd6 20. Re4 Qf6 21.
a3 Rd7 22. Ne5 Bxe5 23. Rxe5 Red8 24. Qe3 Rd5 25. f4 g6 26. g4 Kg7 27. Kg2 Rxe5
28. fxe5 Qh4 29. Rf1 Qe7 30. Rf6 Qd7 31. Qf3 Rc8 32. Rf4 Rc7 33. h4 Qd5 34.
Qxd5 cxd5 35. Rf2 Kf8 36. Kf3 Ke8 37. Ke3 Kd8 38. h5 Ke8 39. Rf6 gxh5 40. gxh5
Kf8 41. Rxh6 Kg7 42. Rf6 a5 43. Kd2 a4 44. Kc2 b5 45. Kd3 Rb7 46. Ke3 Rc7 47.
Kf4 Rc8 48. h6+ Kf8 49. Kg5 Ke7 50. h7 Rh8 51. Kh6 Kf8 52. Rf1 1-0

[Event "LLWestMV2014-15"]
[Site "?"]
[Date "2014.11.09"]
[Round "2.3"]
[White "Meyer, Detlef"]
[Black "Jung, Werner"]
[Result "1/2-1/2"]
[WhiteElo "1808"]
[BlackElo "1896"]
[PlyCount "70"]
[EventType "team-tourn"]
[EventRounds "9"]
[WhiteTeam "SG Eintracht Neubrandenburg II"]
[BlackTeam "SF Schwerin IV"]

1. e4 d5 2. exd5 Nf6 3. Nc3 Nxd5 4. Nxd5 Qxd5 5. d4 Nc6 6. Be3 Bf5 7. c3 O-O-O
8. Nf3 e6 9. Be2 Be7 10. O-O h6 11. Qa4 Qe4 12. Rac1 Bg4 13. Rfe1 Qg6 14. Kh1
Qh5 15. Ng1 Bxe2 16. Nxe2 Bd6 17. Bf4 Bxf4 18. Nxf4 Qf5 19. Nh3 g5 20. Qc2 Qf6
21. f3 h5 22. Nf2 g4 23. Re3 Rdg8 24. Qe2 Qg5 25. Ne4 Qh6 26. Rf1 Ne7 27. Nc5
b6 28. Nd3 Nf5 29. Re4 Qg5 30. Ne5 Nd6 31. Qa6+ Kd8 32. f4 Qf5 33. Re2 f6 34.
Nc6+ Kd7 35. Nb4 Qb5 1/2-1/2

[Event "LLWestMV2014-15"]
[Site "?"]
[Date "2014.11.09"]
[Round "2.4"]
[White "Krueger, Gerhard"]
[Black "Witkowski, Rainer"]
[Result "1-0"]
[WhiteElo "1814"]
[BlackElo "1806"]
[PlyCount "71"]
[EventType "team-tourn"]
[EventRounds "9"]
[WhiteTeam "SF Schwerin IV"]
[BlackTeam "SG Eintracht Neubrandenburg II"]

1. e4 e6 2. d4 d5 3. exd5 exd5 4. Nf3 Bd6 5. c4 c6 6. Nc3 Ne7 7. Bd3 O-O 8. Qc2
g6 9. h3 Kg7 10. O-O dxc4 11. Bxc4 Bf5 12. Qb3 b5 13. Be2 Nd7 14. Be3 Nb6 15.
Rac1 Qb8 16. Qd1 Rc8 17. Qd2 Ned5 18. Bh6+ Kg8 19. Bd3 Bxd3 20. Qxd3 Nf4 21.
Qe4 b4 22. Ne5 bxc3 23. Qxf4 Bxe5 24. dxe5 Nd5 25. Qd4 Qb6 26. Qxb6 axb6 27.
bxc3 Rxa2 28. c4 Nc7 29. Rfd1 f6 30. exf6 Ne8 31. f7+ Kxf7 32. Rd7+ Kg8 33. Rb7
Rc7 34. Rxb6 Kf7 35. Bf4 Rc8 36. Rb7+ {ZÜ} 1-0

[Event "LLWestMV2014-15"]
[Site "?"]
[Date "2014.11.09"]
[Round "2.5"]
[White "Leisner, Ekkehardt"]
[Black "Pamperin, Gerhard"]
[Result "1/2-1/2"]
[WhiteElo "1616"]
[BlackElo "1791"]
[PlyCount "88"]
[EventType "team-tourn"]
[EventRounds "9"]
[WhiteTeam "SG Eintracht Neubrandenburg II"]
[BlackTeam "SF Schwerin IV"]

1. c4 e6 2. g3 d5 3. Bg2 Nf6 4. Nf3 c5 5. O-O Nc6 6. b3 Be7 7. e3 O-O 8. Bb2
dxc4 9. bxc4 Qc7 10. Qe2 e5 11. Nc3 Qd8 12. Rfd1 Bg4 13. h3 Bh5 14. d3 Re8 15.
g4 Bg6 16. Nh4 Qd7 17. Nxg6 hxg6 18. Nd5 Bd6 19. Rab1 Rab8 20. Bc3 Ne7 21.
Nxf6+ gxf6 22. Qf3 f5 23. Rxb7 Rxb7 24. Qxb7 Qxb7 25. Bxb7 fxg4 26. hxg4 Rb8
27. Bg2 f5 28. d4 exd4 29. exd4 fxg4 30. d5 Kf7 31. Re1 Nf5 32. Re6 Rb1+ 33.
Re1 Rxe1+ 34. Bxe1 Be5 35. Be4 Nd6 36. Bd3 Kf6 37. Kg2 Kg5 38. Bd2+ Kh5 39. Be3
Nb7 40. Be2 Kh4 41. Bd3 Kh5 42. Be2 Kh4 43. f3 gxf3+ 44. Bxf3 Bd6 1/2-1/2

[Event "LLWestMV2014-15"]
[Site "?"]
[Date "2014.11.09"]
[Round "2.6"]
[White "Weinstein, Arkadi"]
[Black "Sommer, Hans-Hermann"]
[Result "0-1"]
[WhiteElo "1705"]
[BlackElo "1654"]
[PlyCount "56"]
[EventType "team-tourn"]
[EventRounds "9"]
[WhiteTeam "SF Schwerin IV"]
[BlackTeam "SG Eintracht Neubrandenburg II"]

1. e4 e5 2. Nf3 Nc6 3. c3 Nf6 4. d4 Nxe4 5. Bd3 d5 6. dxe5 Be7 7. h3 O-O 8. O-O
Kh8 9. Qc2 f5 10. exf6 Nxf6 11. Ng5 h6 12. Nf3 Nh5 13. Nh2 Ne5 14. Be2 Nf4 15.
Bxf4 Rxf4 16. Nd2 Bd6 17. Rad1 c6 18. Nhf3 Bf5 19. Qb3 Qc8 20. g3 Rxf3 21. Nxf3
Be4 22. Nd2 Qxh3 23. Nxe4 dxe4 24. c4 Bc5 25. Qc3 Re8 26. b4 Nf3+ 27. Bxf3
Qxg3+ 28. Kh1 Qh3+ 0-1

[Event "LLWestMV2014-15"]
[Site "?"]
[Date "2014.11.09"]
[Round "2.7"]
[White "Rehbein, Hans Juergen"]
[Black "Lindner, Thomas"]
[Result "1/2-1/2"]
[WhiteElo "1622"]
[BlackElo "1683"]
[PlyCount "46"]
[EventType "team-tourn"]
[EventRounds "9"]
[WhiteTeam "SG Eintracht Neubrandenburg II"]
[BlackTeam "SF Schwerin IV"]

1. Nf3 Nc6 2. b3 e5 3. d3 Nf6 4. Bb2 d6 5. g3 Bg4 6. Bg2 Rb8 7. O-O Be7 8. e4
O-O 9. Qd2 Qd7 10. c4 h6 11. Re1 Nh7 12. Kh1 f5 13. Ng1 fxe4 14. Bxe4 Bg5 15.
Qc2 Nf6 16. Bg2 Nh7 17. Rf1 Bf5 18. a3 Bf6 19. Nd2 Ng5 20. Ndf3 Nxf3 21. Bxf3
Rbe8 22. Rae1 b6 23. Bg2 Nd4 1/2-1/2

[Event "LLWestMV2014-15"]
[Site "?"]
[Date "2014.11.09"]
[Round "2.8"]
[White "Kirstein, Hans-Ernst"]
[Black "Sonnenberg, Uwe"]
[Result "1-0"]
[WhiteElo "1703"]
[BlackElo "1592"]
[PlyCount "105"]
[EventType "team-tourn"]
[EventRounds "9"]
[WhiteTeam "SF Schwerin IV"]
[BlackTeam "SG Eintracht Neubrandenburg II"]

1. e4 e6 2. Qe2 c5 3. Nf3 Nc6 4. c3 d5 5. exd5 Qxd5 6. Qc4 Nf6 7. Na3 a6 8. Nc2
b5 9. Qxd5 exd5 10. d4 c4 11. Bf4 Be7 12. Ne5 Bb7 13. Be2 O-O 14. O-O-O Rad8
15. Bf3 h6 16. Rhe1 Rfe8 17. Re2 Bf8 18. Rde1 a5 19. Ng4 Rxe2 20. Nxf6+ gxf6
21. Rxe2 Bc8 22. Na3 Na7 23. Bc7 Rd7 24. Bxa5 Nc6 25. Bb6 Rb7 26. Bc5 Be6 27.
Bxf8 Kxf8 28. Nc2 b4 29. cxb4 Nxb4 30. Nxb4 Rxb4 31. Re3 Ra4 32. Kb1 Ra5 33. b3
cxb3 34. axb3 Rb5 35. Kb2 Rb4 36. Kc3 Rb6 37. Re1 Ra6 38. Kb2 Ra7 39. Rc1 Ke7
40. Rc5 Kd6 41. b4 Ra4 42. Kb3 Ra1 43. b5 Rb1+ 44. Ka4 Ra1+ 45. Kb4 Rb1+ 46.
Ka5 Ra1+ 47. Kb6 Ra4 48. Kb7 Rxd4 49. Rc6+ Kd7 50. Ra6 Rc4 51. b6 Kd6 52. Ka7
Kd7 53. b7 1-0

[Event "LLWestMV2014-15"]
[Site "?"]
[Date "2014.11.09"]
[Round "2.1"]
[White "Piske, Thomas"]
[Black "Graffenberger, Martin"]
[Result "1/2-1/2"]
[WhiteElo "1777"]
[BlackElo "1865"]
[PlyCount "35"]
[EventType "team-tourn"]
[EventRounds "9"]
[WhiteTeam "ASV GW Wismar II"]
[BlackTeam "VfL Blau Weisz Neukloster"]

1. e4 e5 2. Nf3 Nc6 3. Bc4 Bc5 4. c3 Nf6 5. d4 exd4 6. e5 Ne4 7. Bd5 f5 8. cxd4
Bb4+ 9. Bd2 Qe7 10. O-O Bxd2 11. Nbxd2 Ng5 12. Nxg5 Qxg5 13. f4 Qe7 14. Nf3 Nd8
15. Qc2 Ne6 16. Qxf5 g6 17. Qg4 Nxd4 18. Nxd4 1/2-1/2

[Event "LLWestMV2014-15"]
[Site "?"]
[Date "2014.11.09"]
[Round "2.2"]
[White "Skriwanek, Arne"]
[Black "Wagner, Bernd"]
[Result "1/2-1/2"]
[WhiteElo "1762"]
[BlackElo "1764"]
[PlyCount "59"]
[EventType "team-tourn"]
[EventRounds "9"]
[WhiteTeam "VfL Blau Weisz Neukloster"]
[BlackTeam "ASV GW Wismar II"]

1. e4 c6 2. d4 d5 3. Nc3 dxe4 4. Nxe4 Nf6 5. Nxf6+ gxf6 6. g3 Bf5 7. Bg2 e6 8.
Ne2 Bd6 9. Be3 Nd7 10. Qc1 h5 11. h3 Nb6 12. O-O Bc7 13. c3 Nd5 14. Nf4 h4 15.
Nxd5 cxd5 16. g4 Be4 17. Bf4 Bxg2 18. Bxc7 Qxc7 19. Kxg2 O-O-O 20. Qe3 Rdg8 {=}
21. f4 f5 22. g5 Qd6 23. Qe5 Qxe5 24. dxe5 Kd7 25. Rfd1 Rc8 26. Rac1 Rc4 27.
Rd4 Rhc8 28. Rcd1 b5 29. Kf3 a5 30. Rxc4 1/2-1/2

[Event "LLWestMV2014-15"]
[Site "?"]
[Date "2014.11.09"]
[Round "2.3"]
[White "Schubert, Erik"]
[Black "Post, Ingo"]
[Result "1-0"]
[WhiteElo "1737"]
[BlackElo "1545"]
[PlyCount "75"]
[EventType "team-tourn"]
[EventRounds "9"]
[WhiteTeam "ASV GW Wismar II"]
[BlackTeam "VfL Blau Weisz Neukloster"]

1. d4 g6 2. e4 Bg7 3. Nf3 d6 4. c4 Nf6 5. Nc3 O-O 6. Be2 Bg4 7. O-O Nbd7 8. h3
Bxf3 9. Bxf3 Rb8 10. Re1 a6 11. b4 c5 12. bxc5 dxc5 13. Bf4 Ra8 14. e5 Ne8 15.
Bxb7 Ra7 16. Rb1 e6 17. dxc5 Qc7 18. c6 Nxe5 19. Qe2 f6 20. Be3 Rxb7 21. cxb7
Nd6 22. c5 Nxb7 23. Qxa6 Nxc5 24. Bxc5 Qxc5 25. Qxe6+ Kh8 26. Ne4 Qa5 27. Rec1
Qa8 28. Nd6 h6 29. Rc8 Rxc8 30. Qxc8+ Qxc8 31. Nxc8 f5 32. a4 Nc4 33. Nb6 Nd2
34. Rb5 Bd4 35. a5 Ne4 36. a6 Nxf2 37. a7 Nxh3+ 38. Kh2 1-0

[Event "LLWestMV2014-15"]
[Site "?"]
[Date "2014.11.09"]
[Round "2.4"]
[White "Freitag, Werner"]
[Black "Schmidtke, Wilfried"]
[Result "1/2-1/2"]
[WhiteElo "1709"]
[BlackElo "1630"]
[PlyCount "34"]
[EventType "team-tourn"]
[EventRounds "9"]
[WhiteTeam "VfL Blau Weisz Neukloster"]
[BlackTeam "ASV GW Wismar II"]

1. e4 c6 2. d4 d5 3. Nc3 dxe4 4. Nxe4 Nf6 5. Nxf6+ exf6 6. Nf3 Bd6 7. c3 Be6 8.
Bd3 O-O 9. O-O Re8 10. Qc2 g6 11. h3 Qd7 12. Re1 Na6 13. Bxa6 bxa6 14. Qd3 Bf5
15. Rxe8+ Rxe8 16. Qf1 g5 17. Be3 h5 1/2-1/2

[Event "LLWestMV2014-15"]
[Site "?"]
[Date "2014.11.09"]
[Round "2.5"]
[White "Luu, Vinh Phuc"]
[Black "Powilleit, Andy"]
[Result "1/2-1/2"]
[WhiteElo "1563"]
[BlackElo "1583"]
[PlyCount "33"]
[EventType "team-tourn"]
[EventRounds "9"]
[WhiteTeam "ASV GW Wismar II"]
[BlackTeam "VfL Blau Weisz Neukloster"]

1. e4 c5 2. Nf3 Nc6 3. d4 cxd4 4. Nxd4 g6 5. Nc3 Bg7 6. Be3 Nf6 7. Be2 O-O 8.
O-O b6 9. f4 Bb7 10. Bf3 Nxd4 11. Bxd4 Bc6 12. Qe2 Qc7 13. Be3 Rfd8 14. Rad1 e6
15. g4 d5 16. e5 Nd7 17. h4 1/2-1/2

[Event "LLWestMV2014-15"]
[Site "?"]
[Date "2014.11.09"]
[Round "2.6"]
[White "Vormelker, Christian"]
[Black "Noelter, Gerd"]
[Result "0-1"]
[WhiteElo "1609"]
[BlackElo "1619"]
[PlyCount "93"]
[EventType "team-tourn"]
[EventRounds "9"]
[WhiteTeam "VfL Blau Weisz Neukloster"]
[BlackTeam "ASV GW Wismar II"]

1. e4 e6 2. d4 d5 3. e5 c5 4. c3 Nc6 5. Nf3 Qb6 6. a3 Nge7 7. dxc5 Qxc5 8. Bd3
Qb6 9. O-O g6 10. Re1 Bg7 11. Qe2 O-O 12. Be3 Qc7 13. Bc5 b6 14. Bd6 Qd8 15.
Bb5 Bb7 16. Nd4 Nxd4 17. cxd4 a6 18. Bd3 Re8 19. Bxe7 Rxe7 20. Nd2 Bh6 21. g3
Rc7 22. Rac1 Rxc1 23. Rxc1 Rc8 24. Rc2 Rxc2 25. Bxc2 Qc8 26. Qd3 a5 27. f4 Ba6
28. Qc3 Qxc3 29. bxc3 Bf8 30. Nb1 Bc4 31. Kf2 b5 32. Ke3 Ba2 33. Kd2 Bxb1 34.
Bxb1 Bxa3 35. Bd3 b4 36. cxb4 Bxb4+ 37. Ke3 a4 38. g4 a3 39. Bb1 Bc3 40. Ba2
Bb2 41. f5 gxf5 42. gxf5 Kg7 43. Kd3 Kh6 44. h4 Kh5 45. fxe6 fxe6 46. Bxd5 exd5
47. e6 0-1

[Event "LLWestMV2014-15"]
[Site "?"]
[Date "2014.11.09"]
[Round "2.7"]
[White "Schleese, Wolfgang"]
[Black "Linke, Andreas"]
[Result "1/2-1/2"]
[WhiteElo "1541"]
[BlackElo "1549"]
[PlyCount "41"]
[EventType "team-tourn"]
[EventRounds "9"]
[WhiteTeam "ASV GW Wismar II"]
[BlackTeam "VfL Blau Weisz Neukloster"]

1. d4 d5 2. Nf3 c6 3. Bf4 Bf5 4. e3 Nf6 5. Bd3 Bg6 6. Bxg6 hxg6 7. h3 e6 8. c3
Bd6 9. Bxd6 Qxd6 10. Qb3 b6 11. c4 Nbd7 12. cxd5 cxd5 13. Nc3 a6 14. Rc1 b5 15.
a4 b4 16. Ne2 a5 17. O-O Ne4 18. Qd3 O-O 19. b3 Qb6 20. Rc2 Rfc8 21. Rfc1
1/2-1/2

[Event "LLWestMV2014-15"]
[Site "?"]
[Date "2014.11.09"]
[Round "2.8"]
[White "Luetzow, Siegfried"]
[Black "Soltmann, Jan"]
[Result "1/2-1/2"]
[WhiteElo "1593"]
[BlackElo "1497"]
[PlyCount "74"]
[EventType "team-tourn"]
[EventRounds "9"]
[WhiteTeam "VfL Blau Weisz Neukloster"]
[BlackTeam "ASV GW Wismar II"]

1. f4 g6 2. e4 Bg7 3. d4 e6 4. Nf3 b6 5. Bd3 Bb7 6. O-O Ne7 7. c4 O-O 8. Nc3 c5
9. d5 exd5 10. exd5 d6 11. Bd2 Qd7 12. Qc2 Na6 13. a3 Nc7 14. Rae1 Rae8 15. Re2
Nf5 16. Bxf5 Qxf5 17. Qxf5 gxf5 18. Rfe1 Rxe2 19. Rxe2 Re8 20. Rxe8+ Nxe8 21.
b4 Ba6 22. b5 Bc8 23. Nd1 Bf6 24. Kf2 Kg7 25. Bc3 h5 26. h3 Kh6 27. Bxf6 Nxf6
28. Nh4 Ne4+ 29. Ke2 Kg7 30. Nf2 Kf6 31. Ke3 Nxf2 32. Kxf2 Bd7 33. Kg3 Kg7 34.
Nf3 f6 35. Kh4 Kh6 36. a4 Bc8 37. Nd2 a5 1/2-1/2

[Event "LLWestMV2014-15"]
[Site "?"]
[Date "2014.11.23"]
[Round "3.1"]
[White "Graffenberger, Martin"]
[Black "Montag, Ralf"]
[Result "1/2-1/2"]
[WhiteElo "1865"]
[BlackElo "1937"]
[PlyCount "48"]
[EventType "team-tourn"]
[EventRounds "9"]
[WhiteTeam "VfL Blau Weisz Neukloster"]
[BlackTeam "Volley-Tigers Ludwigslust 2000"]

1. e4 c5 2. Nc3 Nc6 3. f4 d6 4. Nf3 g6 5. Bb5 Bd7 6. d3 Bg7 7. Bxc6 Bxc6 8. Be3
Nf6 9. h3 b5 10. O-O b4 11. Ne2 O-O 12. Qd2 Qd7 13. Ng3 Ne8 14. d4 cxd4 15.
Bxd4 Nf6 16. Rae1 Qb7 17. e5 dxe5 18. Bxe5 Rad8 19. Qf2 Bxf3 20. Qxf3 Qxf3 21.
Rxf3 Rd2 22. Rf2 Rfd8 23. c4 bxc3 24. Bxc3 Rd1 1/2-1/2

[Event "LLWestMV2014-15"]
[Site "?"]
[Date "2014.11.23"]
[Round "3.2"]
[White "Wiemer, Juergen"]
[Black "Skriwanek, Arne"]
[Result "1-0"]
[WhiteElo "1916"]
[BlackElo "1762"]
[PlyCount "67"]
[EventType "team-tourn"]
[EventRounds "9"]
[WhiteTeam "Volley-Tigers Ludwigslust 2000"]
[BlackTeam "VfL Blau Weisz Neukloster"]

1. e4 c6 2. d4 d5 3. e5 c5 4. Bb5+ Bd7 5. a4 e6 6. Be3 Qb6 7. Nc3 a5 8. Bxd7+
Nxd7 9. Nb5 cxd4 10. Bxd4 Bc5 11. c3 Bxd4 12. cxd4 Nh6 13. Nd6+ Ke7 14. Nb5
Rhc8 15. Qd3 f5 16. Qa3+ Kd8 17. Nf3 Nf7 18. O-O Rc2 19. Rfc1 Rac8 20. Rxc2
Rxc2 21. Ne1 Rc4 22. b3 Rc6 23. h4 Ke8 24. Nd3 Qd8 25. Rc1 Qc8 26. Re1 Qd8 27.
g3 g5 28. h5 Qe7 29. Qb2 Qd8 30. Qd2 b6 31. Nc3 Qc8 32. Nxd5 exd5 33. e6 Rc2
34. exf7+ 1-0

[Event "LLWestMV2014-15"]
[Site "?"]
[Date "2014.11.23"]
[Round "3.3"]
[White "Post, Ingo"]
[Black "Illgen, Alexander"]
[Result "1/2-1/2"]
[WhiteElo "1545"]
[BlackElo "1898"]
[PlyCount "59"]
[EventType "team-tourn"]
[EventRounds "9"]
[WhiteTeam "VfL Blau Weisz Neukloster"]
[BlackTeam "Volley-Tigers Ludwigslust 2000"]

1. d4 Nf6 2. c4 g6 3. Nc3 Bg7 4. Bf4 d6 5. e3 O-O 6. Bd3 Nbd7 7. Nf3 Re8 8. Bg3
c6 9. Qc2 Qa5 10. O-O Nh5 11. Be2 Nxg3 12. hxg3 Nf6 13. a3 Bg4 14. b4 Qh5 15.
Nh2 Bxe2 16. Qxe2 Qxe2 17. Nxe2 Ne4 18. Rad1 a5 19. b5 cxb5 20. cxb5 Rec8 21.
Rc1 Nd2 22. Rfd1 Nc4 23. Rc3 d5 24. Rdc1 e6 25. Nf3 Bf8 26. a4 Bb4 27. R3c2 Nb6
28. Rc7 Rxc7 29. Rxc7 Nxa4 30. Rxb7 1/2-1/2

[Event "LLWestMV2014-15"]
[Site "?"]
[Date "2014.11.23"]
[Round "3.4"]
[White "Krueger, Horst"]
[Black "Freitag, Werner"]
[Result "1-0"]
[WhiteElo "1897"]
[BlackElo "1709"]
[PlyCount "57"]
[EventType "team-tourn"]
[EventRounds "9"]
[WhiteTeam "Volley-Tigers Ludwigslust 2000"]
[BlackTeam "VfL Blau Weisz Neukloster"]

1. d4 d5 2. c4 dxc4 3. Nc3 e6 4. e4 Nc6 5. Be3 Nf6 6. f3 a6 7. Bxc4 Bb4 8. Nge2
O-O 9. O-O h6 10. Ng3 Na5 11. Bd3 b5 12. a3 Bxc3 13. bxc3 Nb7 14. a4 Bd7 15.
axb5 axb5 16. Qb3 c6 17. Qb4 Qc7 18. Ne2 Rfc8 19. c4 bxc4 20. Bxc4 Nd8 21. Bf4
Qb7 22. Qxb7 Nxb7 23. Rfb1 Nd8 24. Ba6 Rxa6 25. Rxa6 c5 26. dxc5 Rxc5 27. Ra8
Rc8 28. Rxc8 Bxc8 29. Rb8 1-0

[Event "LLWestMV2014-15"]
[Site "?"]
[Date "2014.11.23"]
[Round "3.5"]
[White "Powilleit, Andy"]
[Black "Hilpert, Andreas"]
[Result "0-1"]
[WhiteElo "1583"]
[BlackElo "1835"]
[PlyCount "66"]
[EventType "team-tourn"]
[EventRounds "9"]
[WhiteTeam "VfL Blau Weisz Neukloster"]
[BlackTeam "Volley-Tigers Ludwigslust 2000"]

1. e4 d5 2. exd5 Qxd5 3. Nc3 Qa5 4. Nf3 c6 5. h3 e5 6. Bc4 Bf5 7. O-O Bd6 8.
Re1 Nd7 9. Nh4 Bg6 10. Nxg6 hxg6 11. Ne4 Be7 12. d3 Ngf6 13. Bd2 Qc7 14. Bc3
Nd5 15. d4 f5 16. Ng3 e4 17. Bd2 O-O-O 18. c3 Bd6 19. Ne2 f4 20. Bxd5 cxd5 21.
Qc1 Rdf8 22. b3 f3 23. c4 fxe2 24. Rxe2 Kb8 25. cxd5 Qxc1+ 26. Rxc1 Nf6 27. Bg5
Rh5 28. h4 Re8 29. Rce1 Bb4 30. Rc1 Nxd5 31. f3 e3 32. g3 Rhh8 33. Rc4 Bd2 0-1

[Event "LLWestMV2014-15"]
[Site "?"]
[Date "2014.11.23"]
[Round "3.6"]
[White "Tuchtenhagen, Harald"]
[Black "Vormelker, Christian"]
[Result "1-0"]
[WhiteElo "1797"]
[BlackElo "1609"]
[PlyCount "63"]
[EventType "team-tourn"]
[EventRounds "9"]
[WhiteTeam "Volley-Tigers Ludwigslust 2000"]
[BlackTeam "VfL Blau Weisz Neukloster"]

1. e4 c5 2. Bc4 e6 3. c3 d5 4. exd5 exd5 5. Bb3 Nf6 6. d4 c4 7. Bc2 Bd6 8. Nf3
Qe7+ 9. Be3 Ng4 10. Qe2 Nxe3 11. Qxe3 Qxe3+ 12. fxe3 O-O 13. O-O Nd7 14. e4
dxe4 15. Bxe4 Nf6 16. Bc2 Re8 17. Nbd2 Be6 18. Ne4 Nxe4 19. Bxe4 h6 20. Bxb7
Rab8 21. Bc6 Rec8 22. d5 Bf5 23. Ne5 g6 24. Rxf5 gxf5 25. Nxc4 Rd8 26. Nxd6
Rxd6 27. b4 Kg7 28. b5 Rg6 29. c4 Rg8 30. c5 Kf6 31. d6 Rxg2+ 32. Bxg2 1-0

[Event "LLWestMV2014-15"]
[Site "?"]
[Date "2014.11.23"]
[Round "3.7"]
[White "Linke, Andreas"]
[Black "Mitscherling, Reinhard"]
[Result "1/2-1/2"]
[WhiteElo "1549"]
[BlackElo "1791"]
[PlyCount "45"]
[EventType "team-tourn"]
[EventRounds "9"]
[WhiteTeam "VfL Blau Weisz Neukloster"]
[BlackTeam "Volley-Tigers Ludwigslust 2000"]

1. e4 e5 2. Nf3 Nc6 3. Bc4 Nf6 4. Nc3 Be7 5. d3 O-O 6. h3 d6 7. Be3 Na5 8. Bb3
c6 9. Bg5 Nxb3 10. axb3 h6 11. Bxf6 Bxf6 12. O-O d5 13. Re1 Re8 14. Qd2 Be6 15.
Ra4 Qc7 16. exd5 Bxd5 17. Qe3 b6 18. Ne4 Bxe4 19. Rxe4 Re6 20. Nxe5 Bxe5 21.
Rxe5 Rae8 22. Rxe6 Rxe6 23. Qd2 1/2-1/2

[Event "LLWestMV2014-15"]
[Site "?"]
[Date "2014.11.23"]
[Round "3.1"]
[White "Rabinowitsch, Juri"]
[Black "Junggebauer, Thomas"]
[Result "1-0"]
[WhiteElo "1891"]
[BlackElo "1786"]
[PlyCount "53"]
[EventType "team-tourn"]
[EventRounds "9"]
[WhiteTeam "SF Schwerin IV"]
[BlackTeam "ASV GW Wismar II"]

1. e4 c5 2. Nf3 Nc6 3. d4 cxd4 4. Nxd4 d6 5. Bc4 Nf6 6. Nc3 Bd7 7. O-O Rc8 8.
Be2 e5 9. Ndb5 Be6 10. Bg5 a6 11. Bxf6 gxf6 12. Na3 b5 13. Nd5 Nd4 14. Bd3 f5
15. c3 Bxd5 16. exd5 b4 17. cxd4 bxa3 18. Qa4+ Ke7 19. Qxa3 e4 20. Bxa6 Ra8 21.
Rac1 Bg7 22. Rfd1 Qb8 23. Rc6 Rd8 24. Qc3 Rd7 25. a4 Qa7 26. Bb5 Qa5 27. b4 1-0

[Event "LLWestMV2014-15"]
[Site "?"]
[Date "2014.11.23"]
[Round "3.2"]
[White "Piske, Thomas"]
[Black "Jung, Werner"]
[Result "0-1"]
[WhiteElo "1777"]
[BlackElo "1896"]
[PlyCount "110"]
[EventType "team-tourn"]
[EventRounds "9"]
[WhiteTeam "ASV GW Wismar II"]
[BlackTeam "SF Schwerin IV"]

1. e4 d5 2. exd5 Qxd5 3. Nc3 Qa5 4. d4 Nf6 5. Bc4 Bg4 6. Nf3 e6 7. O-O Qh5 8.
Be2 c6 9. h3 Bxf3 10. Bxf3 Qf5 11. Qe2 Nbd7 12. Ne4 Be7 13. Ng3 Qa5 14. Bd2 Qc7
15. Rfe1 O-O 16. Nh5 Nxh5 17. Bxh5 Nf6 18. Bf3 Rad8 19. c3 Nd5 20. Be4 Nf6 21.
Bc2 Rd7 22. Bg5 Rfd8 23. Bxf6 Bxf6 24. Qe4 g6 25. Rad1 Qb6 26. Bb3 a5 27. Qc2
Qc7 28. Qe4 Rd6 29. h4 Qb6 30. h5 a4 31. hxg6 hxg6 32. Bxa4 Qxb2 33. Qf3 Kg7
34. Bb3 Rh8 35. Rb1 Qd2 36. Re3 Rh5 37. Rd1 Qb2 38. Qf4 Rf5 39. Qg3 Rd8 40. Rf3
Rxf3 41. Qxf3 Rh8 42. g3 Rh5 43. Qd3 Rf5 44. Rd2 Qc1+ 45. Rd1 Qh6 46. Qe4 Qh3
47. Qg2 Qg4 48. Re1 Qg5 49. f4 Qh6 50. Bc2 Ra5 51. Bb3 g5 52. Kf2 gxf4 53.
gxf4+ Kf8 54. Kf3 Rh5 55. Qg4 Rh3+ 0-1